| 000 | 004940000a22001930004500 | ||
|---|---|---|---|
| 001 | 003732 | ||
| 003 | MACL | ||
| 005 | 20150821130244.0 | ||
| 008 | 150821b xxu||||| |||| 00| 0 eng d | ||
| 040 |
_aMACL _cMACL |
||
| 041 | _aEnglish | ||
| 082 | _a720/SIN | ||
| 100 |
_aWakhlu, Somnath _96475 |
||
| 245 |
_aJammu and Kashmir _bThe Rich Heritage _cSomnath Wakhlu |
||
| 260 |
_aNew Delhi _c1998 _bGyan Publishing House, |
||
| 350 | _a500 | ||
| 650 |
_aArchitecture _9259 |
||
| 942 |
_k720 _cBK _2ddc |
||
| 999 |
_c15626 _d15626 |
||